Éléments chimiques les plus communs dans le corps humain - Statistiques

Statistiques générales
  • Ce quiz a été pris 22 650 fois
  • Le résultat moyen est 7 sur 12
Statistiques - réponses
% Élément % Correct
65 Oxygène
94%
18 Carbone
82%
10 Hydrogène
82%
3 Azote
77%
0,006 Fer
73%
1,4 Calcium
63%
0,05 Magnesium
50%
0,25 Potassium
48%
0,15 Sodium
44%
0,15 Chlore
32%
0,25 Soufre
30%
1,1 Phosphore
26%
Aucun quiz correspondant
Distribution des résultats
% des personnes avec chaque résultat
Percentile par nombre de réponses
Votre historique - résultats
Vous n’avez pas pris ce quiz